| 000 | 01563cam a2200385 a 4500 | ||
|---|---|---|---|
| 999 |
_c2741 _d2741 |
||
| 001 | 15790130 | ||
| 003 | OSt | ||
| 005 | 20230818105542.0 | ||
| 008 | 090624s2008 enka 000 1 eng d | ||
| 010 | _a 2009291694 | ||
| 020 | _a9780194791397 (pbk.) | ||
| 020 | _a0194791394 (pbk.) | ||
| 035 | _a(OCoLC)ocn231836542 | ||
| 040 |
_aNz _cZ5A _dYDXCP _dBTCTA _dDLC _dKH8 |
||
| 042 | _alccopycat | ||
| 043 | _au-nz--- | ||
| 082 | 0 | 4 |
_a428.6 CHR _222 |
| 100 | 1 |
_aLindop, Christine, _eauthor. |
|
| 245 | 1 | 4 |
_aThe long white cloud : _bstories from New Zealand / _cretold by Christine Lindop ; illustrated by Chris King. |
| 246 | 3 | 0 | _aStories of New Zealand |
| 260 |
_aOxford ; _aNew York : _bOxford University Press, _cc2008. |
||
| 300 |
_a71p. : _bill. ; _c20 cm. |
||
| 490 | 0 | _aOxford Bookworms Library ; Stage 3, World stories | |
| 500 | _a"First published in Oxford Bookworms, 2008"--T.p. verso. | ||
| 505 | 0 | _aAfter the earthquake / James Courage -- Gathering of the Whakapapa / Witi Ihimaera -- A kind of longing / Philip Mincher -- The silk / Joy Cowley. | |
| 650 | 0 | _aReaders (Adult) | |
| 650 | 0 |
_aEnglish language _vTextbooks for foreign speakers. |
|
| 650 | 0 |
_aReading comprehension _vProblems, exercises, etc. |
|
| 650 | 0 | _aShort stories, New Zealand. | |
| 655 | 7 |
_aAdventure fiction. _2gsafd |
|
| 700 | 1 |
_aKing, Chris _c(Illustrator) |
|
| 906 |
_a7 _bcbc _ccopycat _d2 _encip _f20 _gy-gencatlg |
||
| 942 |
_2ddc _cTR |
||